• 首页
  • 本馆介绍
  • 公告通知
  • 最新文献
  • 馆藏检索
  • 电子资源
  • 读者导购
  • 参考咨询
  • 我的图书馆
  • 登录
  • 详细信息显示
  • 放入我的书架
  • 预约/预借图书
  • 作者相关作品
  • 分类相关作品
  • 丛书相关作品
  • 出版社相关作品

书目信息

  • 表格格式
  • 工作单格式
  • 卡片格式
题名:
政府采购制度创新
    
 
作者: 王亚星 著
分册:  
出版信息: 北京   中国时代经济出版社  2002
页数: 340页
开本: 21cm
丛书名: 现代商业创新理论丛书
单 册:
中图分类: F810.2
科图分类:
主题词: 国家行政机关--采购--财政制度--研究 , 国家行政机关 , 财政制度
电子资源:
ISBN: 7-80064-941-5
000 01047oam2 2200301 450
001 012007930422
005 20070605144008.15
010    @a7-80064-941-5@dCNY21.50
100    @a20070602d2002 km y0chiy0120 ea
101 0  @achi
102    @aCN@b110000
105    @ay z 000yy
106    @ar
200 1  @a政府采购制度创新@Azheng fu cai gou zhi du chuang xin@f王亚星著@Fwang ya xing zhu
210    @a北京@c中国时代经济出版社@d2002
215    @a340页@d21cm
225 2  @a现代商业创新理论丛书
300    @a国家社会科学基金项目《中国政府采购制度研究》中期成果
306    @a中国时代经济出版社原名为: 中国审计出版社
330    @a本书从理论深度, 结合中国实际的态度, 认真分析了我国政府采购制度基础, 介绍了政府采购方面的国际规则的同时, 对我国建立政府采购制度有一个完态的设想。
461  0 @12001 @a现代商业创新理论丛书
606 0  @a国家行政机关@x采购@x财政制度@j研究
606 0  @a国家行政机关
606 0  @a财政制度
690    @aF810.2@v4
701  0 @a王亚星@Awang ya xing@4著
801  0 @aCN@bRULIN@c20070605
905    @dF810.2@e38@s8
    
    政府采购制度创新/王亚星著.-北京:中国时代经济出版社,2002
    340页;21cm.-(现代商业创新理论丛书)
    国家社会科学基金项目《中国政府采购制度研究》中期成果
    
    ISBN 7-80064-941-5:CNY21.50
    本书从理论深度, 结合中国实际的态度, 认真分析了我国政府采购制度基础, 介绍了政府采购方面的国际规则的同时, 对我国建立政府采购制度有一个完态的设想。
●
相关链接 在E读中查询图书 在五车中查询图书 在当当中查询图书 在豆瓣中查询图书


正题名:政府采购制度创新     索取号:F810.2/38         预约/预借

序号 登录号 条形码 馆藏地/架位号 状态 备注
1 0582618   205826187   第一样本阅览室/ [索取号:F810.2/38] 在馆    
2 0582619   205826196   密集书库/ [索取号:F810.2/38] 在馆    
3 0582620   205826203   第一借阅区/ [索取号:F810.2/38] 在馆    
4 0582621   205826212   第一借阅区/ [索取号:F810.2/38] 在馆    
5 0582622   205826221   第一借阅区/ [索取号:F810.2/38] 在馆    
6 0582623   205826230   密集书库/ [索取号:F810.2/38] 在馆    
7 0582624   205826249   密集书库/ [索取号:F810.2/38] 在馆    
8 0582625   205826258   第一借阅区/ [索取号:F810.2/38] 在馆    
唐山师范学院图书馆 欢迎您!
大连网信软件有限公司© 版权所有